Synthesis of Chiral Ligands and Their Applications in Combinatorial Asymmetric Catalysis / (Record no. 527837)

000 -LEADER
fixed length control field 00503nam a22001577a 4500
020 ## - INTERNATIONAL STANDARD BOOK NUMBER
Qualifying information Hard Cover.
082 ## - DEWEY DECIMAL CLASSIFICATION NUMBER
Classification number 200
100 ## - MAIN ENTRY--PERSONAL NAME
Personal name Zaman Tariq.
245 ## - TITLE STATEMENT
Title Synthesis of Chiral Ligands and Their Applications in Combinatorial Asymmetric Catalysis /
Remainder of title Tariq Zaman
260 ## - PUBLICATION, DISTRIBUTION, ETC.
Place of publication, distribution, etc. Islamabad:
Name of publisher, distributor, etc. SCME - NUST,
Date of publication, distribution, etc. 2014.
300 ## - PHYSICAL DESCRIPTION
Extent 272 p. : ill. ;
Dimensions 30cm.
650 ## - SUBJECT ADDED ENTRY--TOPICAL TERM
Topical term or geographic name entry element Ph. D. Thesis
700 ## - ADDED ENTRY--PERSONAL NAME
Personal name Dr. Habib Nasir.
942 ## - ADDED ENTRY ELEMENTS (KOHA)
Source of classification or shelving scheme
Koha item type Thesis
650 ## - SUBJECT ADDED ENTRY--TOPICAL TERM
-- 19288
700 ## - ADDED ENTRY--PERSONAL NAME
-- 16070
Holdings
Withdrawn status Lost status Source of classification or shelving scheme Damaged status Not for loan Permanent Location Current Location Shelving location Date acquired Full call number Barcode Date last seen Price effective from Koha item type
          Central Library (CL) Central Library (CL) Thesis 08/18/2019 200 CLPT-545 08/18/2019 08/18/2019 Thesis
© 2023 Central Library, National University of Sciences and Technology. All Rights Reserved.